000 00800nam a22001817a 4500
001 10060
003 FISKH
005 20260403111604.0
008 260402b cb ||||| |||| 00| 0 eng d
040 _aFISKH
_bchi
_cFISKH
_dFISKH
082 _a895.13
100 _a吴洲星
245 _a出售自己的蛇 ( (Selling One's Own Snake). /
_c吴洲星
300 _a32 unnumbered pages :
_bcolor illustrations ;
_c25 cm .
520 _a这是一本寓言式的儿童读物,通过“出售自己的蛇”这一独特故事情节,向读者传达关于智慧、选择与责任的深层含义。故事通常以动物或象征性角色展开,语言简洁、生动,适合儿童阅读,同时也具有启发性,让孩子思考价值观与人生道理。
942 _2ddc
_cBK
_n0
999 _c10060
_d10060